Statistiken für Gemeinden im Kanton Graubünden

Klicken Sie hier um das Quiz zu spielen!

Allgemein

  • Dieses Quiz wurde 82 mal gespielt
    (45 seit der letzten Aktualisierung)
  • Das Durchschnittsergebnis liegt bei 37 aus 101

Antwortstatistiken

BezirkGemeinde% Korrekt
PlessurChur
100%
Prättigau/DavosDavos
100%
MalojaSt.Moritz
95%
LandquartLandquart
86%
AlbulaAlbula/Alvra
71%
PlessurArosa
71%
MalojaSamedan
67%
Val MüstairScuol
67%
AlbulaBergün Filisur
62%
ImbodenFlims
62%
Prättigau/DavosKlosters-Serneus
62%
SurselvaLaax
62%
Val MüstairVal Müstair
62%
ImbodenDomat/Ems
57%
AlbulaLantsch /Lenz
57%
LandquartMalans
57%
BerninaPoschiavo
57%
ViamalaThusis
57%
MalojaZuoz
57%
LandquartMaienfeld
52%
Val MüstairSamnaun
52%
Val MüstairZernez
52%
PlessurChurwalden
48%
SurselvaDisentis/Mustér
48%
SurselvaIlanz/Glion
48%
MalojaPontresina
48%
ViamalaSils im Domleschg
48%
MalojaSils im Engadin
48%
MalojaSilvaplana
48%
BerninaBrusio
43%
SurselvaFalera
43%
Prättigau/DavosGrüsch
43%
MalojaLa Punt-Chamuesch
43%
Prättigau/DavosSchiers
43%
ImbodenTamins
43%
SurselvaVals
43%
ViamalaAndeer
38%
SurselvaBreil/Brigels
38%
Prättigau/DavosKüblis
38%
SurselvaLumnezia
38%
MoesaMesocco
38%
SurselvaObersaxen Mundaun
38%
LandquartZizers
38%
ImbodenBonaduz
33%
MalojaBregaglia
33%
ViamalaCazis
33%
MalojaCelerina/Schlagrina
33%
SurselvaSafiental
33%
AlbulaSurses
33%
ImbodenTrin
33%
LandquartUntervaz
33%
AlbulaVaz/Obervaz
33%
ViamalaAvers
29%
Prättigau/DavosConters im Prättigau
29%
ImbodenFelsberg
29%
Prättigau/DavosFideris
29%
ImbodenRhäzüns
29%
ViamalaRheinwald
29%
ViamalaRothenbrunnen
29%
SurselvaSagogn
29%
MalojaS-Chanf
29%
AlbulaSchmitten
29%
LandquartTrimmis
29%
PlessurTschiertschen-Praden
29%
MalojaBever
24%
MoesaCalanca
24%
ViamalaFerrera
24%
LandquartFläsch
24%
Prättigau/DavosJenaz
24%
SurselvaMedel (Lucmagn)
24%
MoesaSanta Maria in Calanca
24%
Prättigau/DavosSeewis im Prättigau
24%
SurselvaTrun
24%
ViamalaTschappina
24%
Val MüstairValsot
24%
ViamalaZillis-Reischen
24%
MoesaBuseno
19%
MoesaCama
19%
ViamalaDomleschg
19%
ViamalaFürstenau
19%
MoesaGrono
19%
LandquartJenins
19%
MoesaLostallo
19%
MalojaMadulain
19%
ViamalaRongellen
19%
MoesaRossa
19%
MoesaRoveredo
19%
MoesaSan Vittore
19%
ViamalaScharans
19%
MoesaSoazza
19%
ViamalaSufers
19%
SurselvaTujetsch
19%
ViamalaUrmein
19%
MoesaCastaneda
14%
ViamalaFlerden
14%
Prättigau/DavosFurna
14%
Prättigau/DavosLuzein
14%
ViamalaMuntogna da Schons
14%
SurselvaSumvitg
14%
ViamalaMasein
10%
SurselvaSchluein
10%

Verteilung der Resultate

Perzentil nach korrekt beantworteten Fragen

Anzahl Personen mit jedem Resultat

Ihre Resultats-Entwicklung

Sie haben dieses Quiz seit der letzten Aktualisierung nicht gespielt